000 00372nam a2200157Ia 4500
005 20250319012602.0
008 240331s9999 xx 000 0 und d
020 _a0140284729
082 _bLOK
_24562
_a823
100 _aLokuge, C
245 0 _aIf The Moon Smiled
260 _aNew York,
_bPenguin Books
_c2000
300 _a224 p., (C II)
500 _aNovel
942 _cL
999 _c3344
_d3344